1730 1477 1172 1014 1519 1443 1091 1779 1991 1533 1596 1745 1321 1071 1601 1092 1514 1111 1352 1678 1412 1312 1787 1735 1368 1804 1162 1876 1853 1612 1393 1784 1273 1593 1021 1497 1390 1938 1901 1956 1940 1233 1307 1586 1056 1614 1902 1356 1293 1801 1219 1748 1108 1788 1357 1278 1502 1399 1621 1970 1183 1127 1981 1260 1433 1588 1360 1262 1021 1477 1793 1675 1267 1103 1059 1566 1656 1328 1177 1910 1650 1262 1834 1478 1573 1233 1712 1661 1983 1868 1837 1285 1127 1128 1201 1915 1535 1861 1700 BCNSPRNW ULIB Ver.6.0+V

เปลี่ยนเป็นภาษาไทย

Change to English
 แสดงรายละเอียดบรรณานุกรม
  กลับหน้าหลัก

Brief Record : Get Marc (ISO 2709) : E-mail record : QR code < ปิดหน้าต่าง
LEADER : 00000nam 2200000uu 4500
001    13399111835
003     ULIB
008    110627s2551||||th 000 0 tha d
020    9789742361464
090    นว.^bอ523ล 2551
100 0  อัญชรีย์
245 00 เล่ห์ปรายรัก/^cอัญชรีย์
250    พิมพ์ครั้งที่ 2
260    กรุงเทพฯ :^bแจ่มใส,^c2551
300    395 หน้า
945    ^p239^l0^i024480
995    ทศพร
999 ^a ใช้งานได้ทุกระบบ
รายการนี้ยังไม่มีแท็ก
คุณยังไม่ได้ล็อกอิน คุณสามารถมีกิจกรรมร่วมกับเว็บไซต์ได้ แต่ต้องล็อกอินก่อน ::
  ล็อกอิน

รายการสื่อสารสนเทศ

ลำดับที่ ประเภท เลขเรียก/บาร์โค้ด สถานที่ สถานะ
- ไม่พบข้อมูล -

รายการใกล้เคียง
    ผู้แต่ง [อัญชรีย์]

BibComment


ยังไม่เคยถูกคอมเมนท์

คอมเมนท์ทรัพยากรรายการนี้
  คอมเมนท์: เล่ห์ปรายรัก อัญช..


 Copyright 2026. Bcnsprnw @Library